00755 2200289 4500001002100000005001500021035002000036007000300056008004100059040001700100100001700117245006500134250001200199300003500211504002600246020002200272041000800294082000800302084001400310090001900324260003800343650001000381700002500391850001000416990001900426990002000445INLIS00000000000326320260528083700 a0010-0421000086ta260528 0  aSBPUPADbind0 aKoes Irianto1 aEnsiklopedi Bio Sains /cKoes Irianto ; editor, Irma Noviati a.-Cet.1 aiv, 100 hlm. :bilus. ;c25 cm aBibliografi, hlm 100 a978-979-465-714-00 aind a500 a500 KOE e a500 KOE e 10-3 a.--Bandung :bEpsilon Grup,c2010 4aSains aeditor, Irma Noviati aPUPAD a26277/H/DPK 18 a25.968/H/DPK/18